International Congress for World Evangelization : (Record no. 11182)
[ view plain ]
| 000 -LEADER | |
|---|---|
| fixed length control field | 00869nam a2200205 a 4500 |
| 003 - CONTROL NUMBER IDENTIFIER | |
| control field | PILC |
| 005 - DATE AND TIME OF LATEST TRANSACTION | |
| control field | 20241121145155.0 |
| 008 - FIXED-LENGTH DATA ELEMENTS--GENERAL INFORMATION | |
| fixed length control field | 070427s1989 xx 00 eng d |
| 010 ## - LIBRARY OF CONGRESS CONTROL NUMBER | |
| LC control number | Acc#27108 |
| 040 ## - CATALOGING SOURCE | |
| Transcribing agency | Philippine Baptist Theological Seminary |
| 050 ## - LIBRARY OF CONGRESS CALL NUMBER | |
| Classification number | BV 3770 |
| Item number | L376 1989 |
| 100 10 - MAIN ENTRY--PERSONAL NAME | |
| Personal name | Lausanne II in Manila |
| 245 10 - TITLE STATEMENT | |
| Title | International Congress for World Evangelization : |
| Remainder of title | proclaim Christ until He comes / |
| Statement of responsibility, etc. | Lausanne II in Manila. |
| 260 0# - PUBLICATION, DISTRIBUTION, ETC (IMPRINT) | |
| Place of publication, distribution, etc. | Manila, Phils. : |
| Name of publisher, distributor, etc. | PICC, |
| Date of publication, distribution, etc. | c1989. |
| 300 ## - PHYSICAL DESCRIPTION | |
| Extent | n.p. ; 30 cm. |
| 505 ## - FORMATTED CONTENTS NOTE | |
| Formatted contents note | Finding Your Way About--Congress Program--Your Personal Program--Congress Elective Program--National Meetings--General Information--Congress Personnel--Lausanne Committee for World Evangelization--Congress Staff--Acknowledgments |
| 520 ## - SUMMARY, ETC. | |
| Summary, etc. | July 11-20, 1989 |
| 650 ## - SUBJECT ADDED ENTRY--TOPICAL TERM | |
| Topical term or geographic name as entry element | EVANGELISTIC WORK |
| General subdivision | LAUSANNE II (MANILA) |
| 942 ## - ADDED ENTRY ELEMENTS (KOHA) | |
| Koha item type | Circulation Books |
| Source of classification or shelving scheme | Library of Congress Classification |
| Withdrawn status | Lost status | Source of classification or shelving scheme | Damaged status | Not for loan | Home library | Current library | Shelving location | Date acquired | Cost, normal purchase price | Total Checkouts | Full call number | Barcode | Date last seen | Price effective from | Koha item type |
|---|---|---|---|---|---|---|---|---|---|---|---|---|---|---|---|
| Dewey Decimal Classification | PBTS Library | PBTS Library | Circulation Section | 04/27/2007 | 36.00 | BV 3770 L376 1989 | 27108 | 03/18/2026 | 04/02/2015 | Circulation Books |